000 00576nam a2200193 i 4500
001 bgj
100 1 _aMAINUSCH, Herbert.
245 1 0 _aRomantische Ästhetik :
_bUntersuchungen zur englischen Kunstlehre des späten 18. und frühen 19. Jahrhunderts /
_cHerbert Mainusch.
260 _aBerlin :
_bVerlag Gehlen Bad Homburg v.d.H.,
_c1969.
300 _a377 s. ;
_c24 cm.
504 _aBibliogr. s. 336-368. Indeks.
650 9 _aFilozofia
040 _cBPK
041 0 _ager
044 _aDEU
080 _a1
942 _cKS
008 s gw f |000 0 ger
999 _c50444
_d50444
856 _uhttp://koha.tu.koszalin.pl/cgi-bin/koha/opac-detail.pl?biblionumber=50444
_yKatalog online BPK